学生数が30,000人以上の大学 -サドンデス- - Statistics

General Stats
  • This quiz has been taken 98 times
  • The average score is 3 of 6
Answers on the Grid
Answers color-coded by a green-red scale on the quiz's grid according to % correct below.
中央大学
九州大学
京都大学
京都産業大学
北海道大学
千葉大学
同志社大学
大阪公立大学
大阪大学
専修大学
帝京大学
慶應義塾大学
日本大学
早稲田大学
明治大学
東京大学
東京理科大学
東洋大学
東海大学
法政大学
神奈川大学
福岡大学
立命館大学
立教大学
近畿大学
関西大学
関西学院大学
青山学院大学
駒澤大学
龍谷大学
 
Answer Stats
Answer % Correct
日本大学
85%
早稲田大学
73%
近畿大学
39%
明治大学
34%
東洋大学
15%
立命館大学
10%
No matching quizzes found
Score Distribution
Percent of People with Each Score
Percentile by Number Answered
Your Score History
You have not taken this quiz